| 000 | 00945cam a2200313 a 4500 | ||
|---|---|---|---|
| 001 | 2250 | ||
| 003 | FISKH | ||
| 005 | 20231113155733.0 | ||
| 008 | 070117s2006 nyua j 000 1 eng | ||
| 010 | _a 2007271067 | ||
| 020 | _a0439873940 (pbk.) | ||
| 020 | _a9780439873949 | ||
| 040 |
_aDLC _cDLC _beng |
||
| 050 | 0 | 0 |
_aPZ7.W51937 _bGam 2004 |
| 082 | 0 | 4 |
_a813.54 _222 |
| 100 | 1 |
_aWest, Tracey, _d1965- |
|
| 245 | 1 | 0 |
_aGame on! / _cadapted by Tracey West. |
| 250 | _aFirst printing, September 2006 | ||
| 260 |
_aNew York : _bScholastic, _c1996 |
||
| 300 |
_a90 pages : _billustrations ; _c20 cm |
||
| 490 | 0 | _aShonen Jump's Yu-Gi-Oh! GX | |
| 505 | _aF | ||
| 520 | _aJaden is determined to be the King of Games in spite of facing two powerful rivals. | ||
| 521 | 8 |
_a300
_bLexile |
|
| 521 | 8 |
_aF
_bRaz-Plus |
|
| 650 |
_aGame _vJuvenile literature |
||
| 906 |
_a7 _bcbc _corignew _d2 _encip _f20 _gy-gencatlg |
||
| 942 |
_2ddc _cBK _n0 |
||
| 999 |
_c2250 _d2250 |
||